00360pab a2200121 454500008004000000100002500040245008700065260000900152300001400161362001100175650001800186773003400204180718b1997 xxu||||| |||| 00| 0 eng d aSukumaran Nair, M.K. aRural labour market in Kerala: small holder agriculture and labour market dynamics c1997 ap.L45-L52 a30 Aug aLabour market aEconomic and Political Weekly